00748aam a2200253 i 4500001001000000003001000010005001700020007000300037008004100040020001800081040001400099041000800113082002400121100004100145245010000186264006100286264001100347300001800358336002700376337003300403338002800436563001200464650001800476768714001CO-MdFUSB20250502093005.0ta250502t1988 -us |||| |||| 00| 0 eng d a0-8308-1223-7 cCO-MdFUSB0 aeng04223a239.93 bM3791c1 aGroothuis, Douglas R. (1957-)eautor10aConfronting the new age : bhow to resist a growing religious movementc/ Douglas R. Groothuis 1bInterVarsity Press,aDowners Grove, ILL., USA : c[1988] 4c©1988 a230 páginas atextobtxt2rdacontent 2rdamediaasin mediaciónbn 2rdacarrieravolumenbnc aJTF-925 7aApologética